Graphis Advertising Annual 2005 /
Se presentan los trabajos más destacados del diseño publicitario desarrollados el año precedente al señalado en el título. Para cada caso se incluye una pequeña ficha técnica con el nombre de la agencia responsable y de los creadores participantes, así como el cliente para el cual se desarrolló el t...
Guardat en:
| Altres autors: | |
|---|---|
| Format: | Llibre |
| Idioma: | anglès |
| Publicat: |
Nueva York, EUA :
Graphis,
2004, c2004
|
| Matèries: | |
| Etiquetes: |
Sense etiquetes, Sigues el primer a etiquetar aquest registre!
|
MARC
| LEADER | 00000nam^a2200000^a^4500 | ||
|---|---|---|---|
| 001 | 000194521 | ||
| 005 | 20250521000000.0 | ||
| 009 | 20260310102718.798 | ||
| 020 | |a 1-931241-40-6 | ||
| 037 | |a Acervo ITESO - Biblioteca | ||
| 041 | |a ING | ||
| 082 | |a 741. 6 |b ADV 2005 | ||
| 240 | 1 | 1 | |a [Graphis Advertising Annual] |
| 245 | 0 | 0 | |a Graphis Advertising Annual 2005 / |c Dir. creativa de B.M. Pedersen. |
| 264 | 4 | |a Nueva York, EUA : |b Graphis, |c 2004, c2004 | |
| 300 | |a 253 p. | ||
| 336 | |a texto |b txt |2 rdacontenido | ||
| 337 | |a sin mediación |b n |2 rdamedio | ||
| 338 | |a volumen |b nc |2 rdasoporte | ||
| 520 | |a Se presentan los trabajos más destacados del diseño publicitario desarrollados el año precedente al señalado en el título. Para cada caso se incluye una pequeña ficha técnica con el nombre de la agencia responsable y de los creadores participantes, así como el cliente para el cual se desarrolló el trabajo. El texto abre con entrevistas a profesionistas relevantes del campo. | ||
| 649 | |a XX | ||
| 650 | |a Publicidad - |x Tema Principal | ||
| 650 | |a Publicidad - |x Anuarios | ||
| 650 | |a Diseño Gráfico | ||
| 650 | |a Comunicación Visual | ||
| 650 | |a Arte | ||
| 650 | |a Meyers, Tiffany | ||
| 650 | |a Anselmo, Maximiliano | ||
| 650 | |a Molla, José | ||
| 700 | |a Pedersen, B. Martin |e (dirección creativa) | ||
| 910 | |a Fondo General | ||
| 920 | |a Impresos - Libros | ||
| 930 | |a Reserva Especial | ||
| 905 | |a 103 | ||
| 901 | |a 0500139598 |b IT1 |c REE |u 20250521 | ||
| 902 | |a https://opac.biblio.iteso.mx/vufind/Record/000194521 | ||